00631nam a2200169Ia 4500008004100000100003600041245011800077245003600195260005900231260000900290300001100299650001800310650001500328856002600343999001900369952007300388170221s9999 xx 000 0 und d aDesideria Cempaka Wijaya Murti. aReaching Our Young Citizens:Comparing Model of Japanese and Indonesian Civic Participation in the Online Sphere  cDesideria Cempaka Wijaya Murti. bOnline Journal of Communication and Media Technologies c2015 a35 : 4 xCommunication xMedia Arts uhttp://www.ojcmt.net/ c310678d310678 001040aCLbCLd2017-02-21l0r2017-02-21 00:00:00w2017-02-21yFOJ